[Event "XLIII C.to Italiano a squadre Master"]
[Site "Spoleto ITA"]
[Date "2011.04.29"]
[Round "4"]
[White "De Filomeno, Simone"]
[Black "D'Amore, Carlo"]
[Result "1/2-1/2"]
[WhiteElo "2259"]
[BlackElo "2505"]
[PlyCount "151"]
[EventDate "2011.04.28"]

1. e4 e5 2. Nf3 Nc6 3. Bb5 Nf6 4. d3 Bc5 5. c3 O-O 6. Nbd2 d6 7. Nf1 a6 8. Ba4
Ne7 9. Ng3 Ng6 10. O-O Ba7 11. d4 Bg4 12. Qd3 Bxf3 13. Qxf3 exd4 14. Bg5 h6 15.
Bxf6 Qxf6 16. Qxf6 gxf6 17. cxd4 b5 18. Bb3 Bxd4 19. Nf5 Bxb2 20. Rab1 Bc3 21.
Rfd1 h5 22. Rd3 Nf4 23. Rf3 Be5 24. g3 Ne6 25. Bd5 Rab8 26. Ne7+ Kg7 27. Rf5
Rh8 28. Nc6 Rb6 29. Rc1 b4 30. Rc4 Bc3 31. f4 Rb5 32. Kf1 h4 33. g4 b3 34. axb3
Rxb3 35. e5 dxe5 36. fxe5 Rb1+ 37. Ke2 Rb2+ 38. Kd3 Bxe5 39. Nxe5 fxe5 40. Bxe6
fxe6 41. Rxc7+ Kg6 42. Rc6 Re8 43. Rxa6 Rxh2 44. Rxe5 Kf6 45. Rf5+ Kg6 46. Ke3
Rb2 47. Re5 Kf7 48. Rh5 h3 49. Ra7+ Kf6 50. Rah7 Rg8 51. R7h6+ Ke7 52. Re5 Rb6
53. Kf3 Rf8+ 54. Kg3 Rb3+ 55. Kh4 Rf6 56. Rxf6 Kxf6 57. Re2 e5 58. Rh2 e4 59.
Rxh3 e3 60. Rf3+ Ke5 61. Rf8 Rb1 62. Kg5 Rb6 63. Rf3 Ke4 64. Rf1 Rb2 65. Kg6
Rb6+ 66. Kh5 Rb8 67. g5 e2 68. Re1 Kf5 69. Kh6 Rb6+ 70. Kh7 Rb7+ 71. Kh6 Re7
72. g6 Re3 73. Kg7 Re6 74. Kf7 Rf6+ 75. Ke7 Rxg6 76. Rxe2 1/2-1/2

[Event "XLIII C.to Italiano a squadre Master"]
[Site "Spoleto ITA"]
[Date "2011.04.29"]
[Round "4"]
[White "Dvirnyy, Danyyil"]
[Black "Pavasovic, Dusko"]
[Result "1/2-1/2"]
[WhiteElo "2448"]
[BlackElo "2578"]
[PlyCount "20"]
[EventDate "2011.04.28"]

1. d4 f5 2. c4 Nf6 3. Nf3 g6 4. b4 Bg7 5. Bb2 O-O 6. g3 c6 7. Qb3 d5 8. Bg2 Kh8
9. a4 Be6 10. c5 Ne4 1/2-1/2

[Event "XLIII C.to Italiano a squadre Master"]
[Site "Spoleto ITA"]
[Date "2011.04.29"]
[Round "4"]
[White "Ferro, Mario"]
[Black "Esposito, Luca"]
[Result "0-1"]
[WhiteElo "2242"]
[BlackElo "2233"]
[PlyCount "86"]
[EventDate "2011.04.28"]

1. e4 e5 2. Nf3 Nc6 3. Bb5 a6 4. Ba4 Nf6 5. O-O Be7 6. d4 exd4 7. e5 Ne4 8. Re1
Nc5 9. Bxc6 dxc6 10. Qxd4 Bf5 11. Qc4 Qd5 12. Qe2 Qe4 13. Na3 Qxe2 14. Rxe2 Ne6
15. Nc4 O-O-O 16. Be3 c5 17. Ne1 Nd4 18. Bxd4 cxd4 19. a4 Be6 20. Nd2 b6 21.
Nd3 g5 22. a5 Kb7 23. b4 Rd5 24. Ne4 Rb5 25. f3 Bc4 26. axb6 Bxd3 27. cxd3 Kxb6
28. Rc2 Rxe5 29. Nc5 Bxc5 30. bxc5+ Rxc5 31. Rxa6+ Kxa6 32. Rxc5 Kb6 33. Rxg5
Ra8 34. f4 Ra3 35. Rg3 c5 36. Kf2 c4 37. dxc4 Rxg3 38. Kxg3 Kc5 39. Kf3 Kxc4
40. Ke2 Kc3 41. Kd1 Kd3 42. f5 Ke4 43. f6 Ke5 0-1

[Event "XLIII C.to Italiano a squadre Master"]
[Site "Spoleto ITA"]
[Date "2011.04.29"]
[Round "4"]
[White "Fiore, Mario"]
[Black "Bentivegna, Francesco"]
[Result "1/2-1/2"]
[WhiteElo "2232"]
[BlackElo "2317"]
[PlyCount "61"]
[EventDate "2011.04.28"]

1. e4 e6 2. d4 d5 3. Nc3 Bb4 4. e5 c5 5. a3 Bxc3+ 6. bxc3 Nc6 7. Nf3 Qa5 8. Bd2
c4 9. Be2 Bd7 10. O-O O-O-O 11. Ng5 Rf8 12. f4 f5 13. a4 Nge7 14. Nf3 h6 15.
Qb1 Be8 16. Qb5 Qc7 17. Qc5 Bh5 18. a5 Bxf3 19. Bxf3 Kd7 20. Rfb1 Ke8 21. Qd6
Qc8 22. Rb5 Kf7 23. Rab1 Rd8 24. Qa3 Rd7 25. Be1 Re8 26. Bh4 g6 27. Qb2 Qc7 28.
Qa3 Rb8 29. Bf6 Ng8 30. Bh4 Nge7 31. Bf6 1/2-1/2

[Event "XLIII C.to Italiano a squadre Master"]
[Site "Spoleto ITA"]
[Date "2011.04.29"]
[Round "4"]
[White "Misiano, Franco"]
[Black "Piscopo, Pierluigi"]
[Result "1/2-1/2"]
[WhiteElo "2310"]
[BlackElo "2420"]
[PlyCount "74"]
[EventDate "2011.04.28"]

1. e4 c5 2. Nf3 Nc6 3. d4 cxd4 4. Nxd4 e5 5. Nb5 d6 6. N1c3 a6 7. Na3 Be7 8.
Nc4 b5 9. Ne3 Nf6 10. Ned5 O-O 11. Bd3 Nxd5 12. Nxd5 Bg5 13. Qh5 Bxc1 14. Rxc1
Be6 15. O-O f5 16. c4 Bf7 17. Qh3 bxc4 18. Bxc4 fxe4 19. Qe3 Rb8 20. b3 Qh4 21.
g3 Qg4 22. Be2 Qd7 23. Qxe4 Nd4 24. Rc7 Nxe2+ 25. Qxe2 Qb5 26. Qxb5 Rxb5 27.
Ne7+ Kh8 28. Nf5 Rb6 29. Rfc1 h6 30. Rc8 Rxc8 31. Rxc8+ Kh7 32. Rd8 d5 33. Rd6
Rxd6 34. Nxd6 Be6 35. Kf1 Kg6 36. Ke2 Bd7 37. Nb7 Kf6 1/2-1/2

[Event "XLIII C.to Italiano a squadre Master"]
[Site "Spoleto ITA"]
[Date "2011.04.29"]
[Round "4"]
[White "Mogranzini, Roberto"]
[Black "Codenotti, Marco"]
[Result "1/2-1/2"]
[WhiteElo "2437"]
[BlackElo "2262"]
[PlyCount "27"]
[EventDate "2011.04.28"]

1. c4 g6 2. g3 Bg7 3. Bg2 c5 4. Nc3 Nc6 5. a3 d6 6. d3 Rb8 7. Rb1 e6 8. Nh3
Nge7 9. Nf4 a6 10. Bd2 O-O 11. b4 cxb4 12. axb4 b5 13. cxb5 axb5 14. O-O
1/2-1/2

[Event "XLIII C.to Italiano a squadre Master"]
[Site "Spoleto ITA"]
[Date "2011.04.29"]
[Round "4"]
[White "Rombaldoni, Axel"]
[Black "Manca, Federico"]
[Result "1-0"]
[WhiteElo "2449"]
[BlackElo "2399"]
[PlyCount "133"]
[EventDate "2011.04.28"]

1. e4 e5 2. Nf3 Nc6 3. Bc4 Bc5 4. c3 Nf6 5. d3 a6 6. O-O d6 7. d4 Ba7 8. dxe5
Nxe5 9. Nxe5 dxe5 10. Qxd8+ Kxd8 11. Nd2 Ke7 12. Nf3 Be6 13. Nxe5 Nxe4 14. Bxe6
Kxe6 15. Nf3 Rae8 16. Bf4 Kd7 17. Ne5+ Kc8 18. Rae1 Nd6 19. Nd3 Nf5 20. g3 f6
21. Kg2 Rd8 22. Nb4 a5 23. Nc2 Rd3 24. h4 h5 25. Re4 Rhd8 26. Rfe1 Rd1 27. Kf1
Bc5 28. Ne3 R1d2 29. Re2 Bxe3 30. Bxe3 Rd1+ 31. Re1 R8d5 32. Bf4 Kd7 33. Rxd1
Rxd1+ 34. Re1 Rxe1+ 35. Kxe1 Ne7 36. Ke2 Nd5 37. Bd2 a4 38. Kd3 c6 39. c4 Nc7
40. Kd4 Ne6+ 41. Ke4 Ke7 42. Bb4+ Kf7 43. Bd6 Nd8 44. Kd4 Ne6+ 45. Ke4 g6 46.
Kd3 g5 47. Kc3 Ng7 48. hxg5 fxg5 49. Kb4 Nf5 50. Bb8 Ke6 51. g4 hxg4 52. Kxa4
Ne7 53. Kb4 Ng6 54. Kc5 Nf4 55. Kb6 Nd3 56. Kxb7 Nxb2 57. Kxc6 Nxc4 58. a4 Na5+
59. Kb5 Nb3 60. a5 Kd7 61. Be5 Kc8 62. a6 Nd2 63. Kc6 Nf3 64. a7 Nxe5+ 65. Kd5
Kb7 66. Kxe5 Kxa7 67. Ke4 1-0

[Event "XLIII C.to Italiano a squadre Master"]
[Site "Spoleto ITA"]
[Date "2011.04.29"]
[Round "4"]
[White "Rotoni, Matteo"]
[Black "Xia, Jie"]
[Result "0-1"]
[WhiteElo "2138"]
[BlackElo "2224"]
[PlyCount "114"]
[EventDate "2011.04.28"]

1. e4 c5 2. c3 g6 3. d4 cxd4 4. cxd4 Bg7 5. Nc3 d6 6. h3 Nf6 7. Nf3 O-O 8. Be2
Nc6 9. O-O d5 10. e5 Ne4 11. Qb3 e6 12. Bd3 Nxc3 13. Qxc3 Qb6 14. Be3 Bd7 15.
Rac1 Rac8 16. Qd2 f6 17. exf6 Bxf6 18. Bb1 Bg7 19. Ne5 Nxe5 20. dxe5 Qa6 21.
Bd4 b6 22. Rc3 Rxc3 23. Qxc3 Rc8 24. Qd2 Qa4 25. b3 Qc6 26. Qg5 Qc7 27. Bd3 Qd8
28. Qxd8+ Rxd8 29. Rc1 Rc8 30. Rxc8+ Bxc8 31. Kf1 Bf8 32. Ke2 Kf7 33. h4 Be7
34. g3 Bd7 35. Kd2 Bb4+ 36. Kc2 Be8 37. a4 Kg7 38. Be2 Kf7 39. Bd3 h6 40. Be3
Kg7 41. Kd1 Bc3 42. f4 Bc6 43. Bd2 Bd4 44. Ke2 Be8 45. Bb4 g5 46. hxg5 Bh5+ 47.
Ke1 hxg5 48. Bd6 gxf4 49. gxf4 Bc3+ 50. Kf2 Bd1 51. b4 Bxa4 52. b5 Bd2 53. Kg3
Bb3 54. f5 Bc4 55. f6+ Kf7 56. Bc2 Bxb5 57. Bd1 Bd3 0-1

[Event "XLIII C.to Italiano a squadre Master"]
[Site "Spoleto ITA"]
[Date "2011.04.29"]
[Round "4"]
[White "Socko, Bartosz"]
[Black "Ronchetti, Niccolo'"]
[Result "1/2-1/2"]
[WhiteElo "2660"]
[BlackElo "2416"]
[PlyCount "46"]
[EventDate "2011.04.28"]

1. e4 e5 2. Nf3 Nc6 3. Bb5 a6 4. Bxc6 dxc6 5. O-O f6 6. d4 exd4 7. Nxd4 c5 8.
Ne2 Qxd1 9. Rxd1 Bd7 10. Nbc3 O-O-O 11. Be3 Re8 12. Rd2 Bc6 13. Rad1 b6 14. f3
Ne7 15. Nf4 Ng6 16. Nxg6 hxg6 17. Bf4 Be7 18. Nd5 Bd8 19. c4 f5 20. exf5 gxf5
21. Rd3 Re2 22. Bd2 Bxd5 23. Rxd5 Bf6 1/2-1/2

[Event "XLIII C.to Italiano a squadre Master"]
[Site "Spoleto ITA"]
[Date "2011.04.29"]
[Round "4"]
[White "Vocaturo, Daniele"]
[Black "Ortega, Lexy"]
[Result "1/2-1/2"]
[WhiteElo "2564"]
[BlackElo "2471"]
[PlyCount "74"]
[EventDate "2011.04.28"]

1. e4 e5 2. Nf3 Nc6 3. Bc4 Nf6 4. d3 h6 5. O-O d6 6. Re1 g6 7. d4 Bg4 8. Bb5
Nd7 9. Bxc6 bxc6 10. Nbd2 Bg7 11. h3 Bxf3 12. Nxf3 Qb8 13. c3 exd4 14. Nxd4 c5
15. Nf3 O-O 16. Qa4 Rd8 17. Re2 a6 18. Be3 Qb5 19. Qc2 Re8 20. Rae1 Re6 21. Bf4
Rae8 22. Re3 Qb7 23. R1e2 Nf6 24. Nd2 Nh5 25. Bh2 Nf6 26. Kf1 Nd7 27. Ke1 Nf6
28. Kd1 d5 29. exd5 Rxe3 30. fxe3 Qxd5 31. Qa4 Re6 32. Qc4 Qc6 33. e4 Nd7 34.
Qd5 Qa4+ 35. Qb3 Qc6 36. Qd5 Qa4+ 37. Qb3 Be5 1/2-1/2

[Event "XLIII C.to Italiano a squadre Master"]
[Site "Spoleto ITA"]
[Date "2011.04.30"]
[Round "5"]
[White "Arlandi, Ennio"]
[Black "Mantovani, Renzo"]
[Result "1/2-1/2"]
[WhiteElo "2425"]
[BlackElo "2343"]
[PlyCount "20"]
[EventDate "2011.04.28"]

1. d4 d5 2. c4 e6 3. Nc3 Be7 4. cxd5 exd5 5. Bf4 c6 6. Qc2 Nd7 7. e3 Nf8 8. Bd3
Ne6 9. Be5 Nf6 10. Nf3 Bd6 1/2-1/2

[Event "XLIII C.to Italiano a squadre Master"]
[Site "Spoleto ITA"]
[Date "2011.04.30"]
[Round "5"]
[White "Brunello, Marina"]
[Black "Salvetti, Alec"]
[Result "1/2-1/2"]
[WhiteElo "2175"]
[BlackElo "2262"]
[PlyCount "25"]
[EventDate "2011.04.28"]

1. e4 e6 2. d4 d5 3. e5 c5 4. c3 Nc6 5. Nf3 Bd7 6. a3 Rc8 7. Be2 cxd4 8. cxd4
Nge7 9. O-O Nf5 10. Nc3 Nh4 11. Nxh4 Qxh4 12. Be3 f5 13. exf6 1/2-1/2

[Event "XLIII C.to Italiano a squadre Master"]
[Site "Spoleto ITA"]
[Date "2011.04.30"]
[Round "5"]
[White "Brunello, Sabino"]
[Black "Piscopo, Pierluigi"]
[Result "1-0"]
[WhiteElo "2533"]
[BlackElo "2420"]
[PlyCount "79"]
[EventDate "2011.04.28"]

1. c4 e5 2. g3 Nc6 3. Nc3 f5 4. Nf3 Nf6 5. d4 exd4 6. Nxd4 Bb4 7. Bg2 Ne4 8.
Qd3 Nxd4 9. Bxe4 fxe4 10. Qxd4 Bxc3+ 11. Qxc3 O-O 12. Be3 d6 13. h4 Qf6 14. Bd4
Qf7 15. h5 c5 16. Be3 Qf6 17. Qxf6 Rxf6 18. Rh4 Bf5 19. Rd1 h6 20. Bf4 Rd8 21.
g4 Bc8 22. g5 Re6 23. g6 b6 24. Bg3 Ba6 25. b3 b5 26. Rf4 bxc4 27. Rf7 cxb3 28.
axb3 d5 29. Bh4 Rf8 30. Rxf8+ Kxf8 31. Rxd5 c4 32. Rf5+ Ke8 33. bxc4 Bxc4 34.
Rc5 Ba6 35. Rc7 e3 36. Rxg7 exf2+ 37. Kxf2 Bxe2 38. Rg8+ Kd7 39. Rd8+ Kc7 40.
g7 1-0

[Event "XLIII C.to Italiano a squadre Master"]
[Site "Spoleto ITA"]
[Date "2011.04.30"]
[Round "5"]
[White "Codenotti, Marco"]
[Black "Borgo, Giulio"]
[Result "0-1"]
[WhiteElo "2262"]
[BlackElo "2401"]
[PlyCount "88"]
[EventDate "2011.04.28"]

1. e4 d5 2. exd5 Qxd5 3. Nc3 Qa5 4. d4 Nf6 5. Nf3 Bf5 6. Bd2 e6 7. Bc4 Bb4 8.
a3 Bxc3 9. Bxc3 Qb6 10. b3 Nc6 11. O-O O-O 12. Bb2 Rad8 13. h3 Be4 14. Bd3 Bxd3
15. Qxd3 e5 16. Qc4 e4 17. Ne5 Nxd4 18. Rad1 c5 19. b4 Ne6 20. Qb3 cxb4 21. Nc4
Qc5 22. Bxf6 gxf6 23. axb4 Qg5 24. Qg3 Nd4 25. Rde1 Rfe8 26. c3 Nf5 27. Qg4 h5
28. Qxg5+ fxg5 29. Ne3 Nd6 30. g4 hxg4 31. hxg4 Nb5 32. c4 Nd4 33. Kg2 a6 34.
Rd1 Ne6 35. Nd5 Kg7 36. Kg3 Rc8 37. c5 a5 38. Rfe1 axb4 39. Rxe4 b3 40. Rc1
Red8 41. Ne3 Nxc5 42. Nf5+ Kf6 43. Ree1 Nd3 44. Rxc8 Rxc8 0-1

[Event "XLIII C.to Italiano a squadre Master"]
[Site "Spoleto ITA"]
[Date "2011.04.30"]
[Round "5"]
[White "Collutiis, Duilio"]
[Black "Stella, Andrea"]
[Result "1/2-1/2"]
[WhiteElo "2472"]
[BlackElo "2364"]
[PlyCount "45"]
[EventDate "2011.04.28"]

1. g3 Nf6 2. Bg2 d5 3. Nf3 c6 4. c4 dxc4 5. O-O Nbd7 6. Qc2 Nb6 7. Na3 Be6 8.
Ne5 g6 9. Naxc4 Nxc4 10. Nxc4 Bg7 11. d3 O-O 12. Bd2 Bd5 13. b4 Bxg2 14. Kxg2
c5 15. bxc5 Qd5+ 16. f3 Qxc5 17. a4 b6 18. Rab1 Rfc8 19. Qb3 Qd5 20. Rfc1 Qe6
21. e4 Nd7 22. Be3 Ne5 23. Nxe5 1/2-1/2

[Event "XLIII C.to Italiano a squadre Master"]
[Site "Spoleto ITA"]
[Date "2011.04.30"]
[Round "5"]
[White "Contin, Daniel"]
[Black "Lanzani, Mario"]
[Result "1-0"]
[WhiteElo "2316"]
[BlackElo "2373"]
[PlyCount "139"]
[EventDate "2011.04.28"]

1. c4 e5 2. Nc3 Nf6 3. g3 Nc6 4. Bg2 Bc5 5. e3 a6 6. Nge2 d6 7. O-O Ba7 8. d4
O-O 9. h3 h6 10. b3 Bf5 11. g4 Bd7 12. dxe5 dxe5 13. Ba3 Re8 14. Ng3 Be6 15.
Qc2 Nd7 16. Rad1 Qh4 17. Nf5 Qg5 18. Ng3 Qh4 19. Nd5 Rac8 20. b4 g6 21. Rd2 Nd8
22. c5 Bb8 23. Rfd1 Nf8 24. Ne4 Nh7 25. Bb2 Nc6 26. a3 Ne7 27. Nxe7+ Qxe7 28.
f4 f6 29. Nc3 Qf7 30. Bxb7 Bb3 31. Qxb3 Qxb3 32. Bd5+ Qxd5 33. Nxd5 Kf7 34.
fxe5 fxe5 35. Kg2 Rcd8 36. Nc3 Rxd2+ 37. Rxd2 Ke6 38. Ne4 c6 39. h4 Bc7 40. Kg3
Rf8 41. Bc3 Rf1 42. Kg2 Rc1 43. Bb2 Re1 44. Kf3 Rh1 45. Kg3 Re1 46. Rd3 Rg1+
47. Kf3 Rh1 48. Kg3 Rg1+ 49. Kf3 Rh1 50. Nd6 Rh3+ 51. Kg2 Rxh4 52. Ne8 Rxg4+
53. Kh3 h5 54. Nxc7+ Kf5 55. e4+ Kxe4 56. Rg3 Rxg3+ 57. Kxg3 g5 58. Nxa6 h4+
59. Kg2 Nf6 60. b5 cxb5 61. c6 Ne8 62. Kh3 Kf5 63. Bc1 Nd6 64. Be3 Nc8 65. c7
e4 66. Nb4 Ke5 67. Bxg5 Kd4 68. Nc6+ Kd3 69. Kxh4 e3 70. Kg3 1-0

[Event "XLIII C.to Italiano a squadre Master"]
[Site "Spoleto ITA"]
[Date "2011.04.30"]
[Round "5"]
[White "Di Paolo, Raffaele"]
[Black "Damia, Angelo"]
[Result "1/2-1/2"]
[WhiteElo "2312"]
[BlackElo "2334"]
[PlyCount "20"]
[EventDate "2011.04.28"]

1. d4 d5 2. c4 c6 3. Nf3 Nf6 4. cxd5 cxd5 5. Nc3 Nc6 6. Bf4 a6 7. e3 g6 8. h3
Bg7 9. a3 O-O 10. Bd3 Be6 1/2-1/2

[Event "XLIII C.to Italiano a squadre Master"]
[Site "Spoleto ITA"]
[Date "2011.04.30"]
[Round "5"]
[White "Laketic, Gojko"]
[Black "Vezzosi, Paolo"]
[Result "1-0"]
[WhiteElo "2452"]
[BlackElo "2370"]
[PlyCount "89"]
[EventDate "2011.04.28"]

1. d4 Nf6 2. Nf3 c5 3. d5 e6 4. c4 exd5 5. cxd5 d6 6. Nc3 a6 7. a4 g6 8. g3 Bg7
9. Bg2 O-O 10. O-O Nbd7 11. Nd2 Nh5 12. Nce4 Ndf6 13. Nxf6+ Nxf6 14. Nc4 Ne8
15. Bf4 Bd7 16. a5 Bb5 17. Nb6 Rb8 18. Qd2 Nc7 19. b4 Bxa1 20. Rxa1 Qf6 21. Rc1
c4 22. Bg5 Qh8 23. Be7 Qe5 24. Bxf8 Rxf8 25. e3 Rd8 26. Bf1 Qe7 27. Bxc4 Bxc4
28. Rxc4 Nb5 29. Qb2 Rf8 30. h4 h5 31. Kg2 Re8 32. Kg1 Kh7 33. Rf4 Kg8 34. Kf1
Rd8 35. Ke2 Re8 36. Kd3 f5 37. Rc4 Kh7 38. Kd2 Qf7 39. Ke2 Re5 40. Kf1 Re8 41.
Kg1 Kh6 42. Qc1 Kh7 43. Rc8 Rxc8 44. Qxc8 Kg7 45. Nd7 1-0

[Event "XLIII C.to Italiano a squadre Master"]
[Site "Spoleto ITA"]
[Date "2011.04.30"]
[Round "5"]
[White "Manca, Federico"]
[Black "Tomba, Ivan"]
[Result "1/2-1/2"]
[WhiteElo "2399"]
[BlackElo "2259"]
[PlyCount "54"]
[EventDate "2011.04.28"]

1. e4 c5 2. c3 d5 3. exd5 Qxd5 4. d4 Nf6 5. Nf3 Bg4 6. Be2 e6 7. h3 Bh5 8. O-O
Nc6 9. Be3 cxd4 10. cxd4 Be7 11. Nc3 Qd6 12. Qb3 O-O 13. Rfd1 Rfd8 14. Rac1 Qb4
15. Qxb4 Nxb4 16. g4 Bg6 17. Ne5 Nfd5 18. a3 Nxc3 19. bxc3 Nd5 20. Nxg6 hxg6
21. a4 Rac8 22. c4 Nxe3 23. fxe3 b6 24. Rb1 e5 25. dxe5 Rc5 26. Rxd8+ Bxd8 27.
Rb5 Bc7 1/2-1/2

[Event "XLIII C.to Italiano a squadre Master"]
[Site "Spoleto ITA"]
[Date "2011.04.30"]
[Round "5"]
[White "Mogranzini, Roberto"]
[Black "Bellini, Fabio"]
[Result "1/2-1/2"]
[WhiteElo "2437"]
[BlackElo "2500"]
[PlyCount "140"]
[EventDate "2011.04.28"]

1. c4 e6 2. g3 d5 3. Bg2 Nf6 4. Nf3 Be7 5. O-O O-O 6. b3 b6 7. Bb2 Bb7 8. e3 c5
9. Nc3 dxc4 10. bxc4 Nc6 11. Qe2 Rc8 12. Rac1 Re8 13. Rfd1 Bd6 14. d4 cxd4 15.
exd4 Na5 16. Nb5 Bb8 17. Qf1 a6 18. Na3 Bd6 19. Nb1 Qe7 20. Ba1 Bc6 21. d5 exd5
22. Nd4 Bd7 23. cxd5 Bg4 24. Re1 Rxc1 25. Rxc1 Bc5 26. Qd3 Qd7 27. Nc3 Bh3 28.
Bf3 Ng4 29. Bxg4 Qxg4 30. Nce2 Bxd4 31. Qxd4 Qxd4 32. Nxd4 Rd8 33. Nc6 Nxc6 34.
dxc6 f6 35. c7 Rc8 36. Bd4 b5 37. f3 Be6 38. a3 a5 39. Bb6 b4 40. a4 b3 41.
Bxa5 Bf5 42. Bc3 Rxc7 43. Bb2 Bc2 44. a5 Ra7 45. Ra1 Kf7 46. Kf2 Ke6 47. Ke3
Kd5 48. Ra4 Kc5 49. Kd2 Rd7+ 50. Ke2 Kb5 51. Ra1 Bd3+ 52. Ke3 Bc4 53. a6 Ra7
54. Kd4 Be6 55. Kc3 Rxa6 56. Rxa6 Kxa6 57. Ba3 Kb5 58. f4 Kc6 59. Bf8 g6 60.
Bg7 f5 61. Kd3 Kd5 62. Bb2 Kc5 63. Ba3+ Kd5 64. Bb2 Bf7 65. Ba3 Be8 66. Bb2
Bb5+ 67. Ke3 Kc4 68. Be5 Bc6 69. Bf6 Kb4 70. Bb2 Kc4 1/2-1/2

[Event "XLIII C.to Italiano a squadre Master"]
[Site "Spoleto ITA"]
[Date "2011.04.30"]
[Round "5"]
[White "Ortega, Lexy"]
[Black "De Filomeno, Simone"]
[Result "1/2-1/2"]
[WhiteElo "2471"]
[BlackElo "2259"]
[PlyCount "82"]
[EventDate "2011.04.28"]

1. d4 d5 2. c4 e6 3. Nf3 Nf6 4. Nc3 c6 5. g3 dxc4 6. Bg2 Nbd7 7. a4 Bb4 8. O-O
O-O 9. Qc2 a5 10. e4 h6 11. Rd1 Qe7 12. Na2 e5 13. Nxb4 axb4 14. Qxc4 exd4 15.
Nxd4 Ne5 16. Qc2 Bg4 17. Nf5 Qe8 18. Rd6 Nf3+ 19. Bxf3 Bxf3 20. Rxf6 gxf6 21.
Bxh6 Qxe4 22. Qxe4 Bxe4 23. Bxf8 Kxf8 24. Nd6 Bc2 25. Nxb7 Rxa4 26. Rxa4 Bxa4
27. h4 Ke7 28. f3 Bc2 29. Kf2 Ke6 30. Ke3 Kd5 31. Kd2 Bh7 32. h5 c5 33. Nd8 c4
34. Nxf7 Kd4 35. Nd6 c3+ 36. bxc3+ bxc3+ 37. Ke2 Bd3+ 38. Kd1 Ke3 39. f4 Be2+
40. Kc2 Bxh5 41. Kxc3 Kf3 1/2-1/2

[Event "XLIII C.to Italiano a squadre Master"]
[Site "Spoleto ITA"]
[Date "2011.04.30"]
[Round "5"]
[White "Pavasovic, Dusko"]
[Black "Olszewski, Michal"]
[Result "1/2-1/2"]
[WhiteElo "2578"]
[BlackElo "2542"]
[PlyCount "43"]
[EventDate "2011.04.28"]

1. e4 c5 2. Nf3 e6 3. c3 d5 4. exd5 Qxd5 5. d4 Nf6 6. Be3 cxd4 7. cxd4 Bb4+ 8.
Nc3 Bd7 9. Be2 Bb5 10. O-O Bxc3 11. bxc3 O-O 12. Bxb5 Qxb5 13. Rb1 Qa6 14. Qb3
Nbd7 15. c4 Rfc8 16. Rfc1 b6 17. Rc2 Rc6 18. Rbc1 Rac8 19. Bg5 h6 20. Bxf6 Nxf6
21. Ne5 R6c7 22. c5 1/2-1/2

[Event "XLIII C.to Italiano a squadre Master"]
[Site "Spoleto ITA"]
[Date "2011.04.30"]
[Round "5"]
[White "Ronchetti, Niccolo'"]
[Black "Godena, Michele"]
[Result "1/2-1/2"]
[WhiteElo "2416"]
[BlackElo "2526"]
[PlyCount "22"]
[EventDate "2011.04.28"]

1. e4 e5 2. Nf3 Nc6 3. Bb5 a6 4. Ba4 Nf6 5. O-O b5 6. Bb3 Bc5 7. a4 Bb7 8. c3
d6 9. d4 Bb6 10. Bg5 h6 11. Bxf6 Qxf6 1/2-1/2

[Event "XLIII C.to Italiano a squadre Master"]
[Site "Spoleto ITA"]
[Date "2011.04.30"]
[Round "5"]
[White "Salvador, Roland"]
[Black "David, Alberto"]
[Result "1/2-1/2"]
[WhiteElo "2532"]
[BlackElo "2592"]
[PlyCount "20"]
[EventDate "2011.04.28"]

1. c4 e5 2. Nc3 Nf6 3. g3 Bb4 4. Bg2 O-O 5. Nf3 Re8 6. O-O c6 7. d4 e4 8. Ne1
h6 9. Nc2 Bxc3 10. bxc3 d6 1/2-1/2

[Event "XLIII C.to Italiano a squadre Master"]
[Site "Spoleto ITA"]
[Date "2011.04.30"]
[Round "5"]
[White "Shytaj, Luca"]
[Black "Vocaturo, Daniele"]
[Result "1-0"]
[WhiteElo "2475"]
[BlackElo "2564"]
[PlyCount "91"]
[EventDate "2011.04.28"]

1. e4 e5 2. Nf3 Nc6 3. Bb5 a6 4. Ba4 Nf6 5. d3 d6 6. c3 g6 7. Nbd2 Bg7 8. O-O
O-O 9. Re1 Kh8 10. Nf1 Ng8 11. Ng3 Qe8 12. Nd2 Bd7 13. Ndf1 Nd8 14. Bc2 Ne6 15.
Ne3 b5 16. a4 Qb8 17. Nd5 c6 18. Ne3 Qb7 19. h4 Nh6 20. d4 Nf4 21. axb5 axb5
22. Rxa8 Rxa8 23. dxe5 dxe5 24. Qd6 f6 25. Bb3 Be8 26. Nc2 Bf7 27. Bxf7 Nxf7
28. Qd1 Rd8 29. Qf3 Nd3 30. Rd1 Nxc1 31. Rxc1 Rd6 32. Ne3 Qa8 33. Rd1 Qa4 34.
Rxd6 Nxd6 35. h5 Qa1+ 36. Kh2 Nf7 37. Qg4 Qa8 38. hxg6 Nh6 39. Qh5 Qe8 40. gxh7
Qxh5+ 41. Nxh5 Bf8 42. Nxf6 Be7 43. Neg4 Nf7 44. g3 Kg7 45. Nd7 Bd6 46. Ngf6
1-0

[Event "XLIII C.to Italiano a squadre Master"]
[Site "Spoleto ITA"]
[Date "2011.04.30"]
[Round "5"]
[White "Sutovsky, Emil"]
[Black "Antoniewski, Rafal"]
[Result "1/2-1/2"]
[WhiteElo "2692"]
[BlackElo "2604"]
[PlyCount "75"]
[EventDate "2011.04.28"]

1. e4 c6 2. d4 d5 3. Nd2 dxe4 4. Nxe4 Nd7 5. Ng5 Ngf6 6. Bd3 e6 7. Qe2 Bd6 8.
N1f3 h6 9. Ne4 Nxe4 10. Qxe4 Qc7 11. O-O b6 12. Qg4 Kf8 13. b3 Bb7 14. Bb2 Nf6
15. Qh3 Nd5 16. g3 Nb4 17. Be4 f5 18. Ng5 Qe7 19. Nxe6+ Qxe6 20. Bxf5 Qf7 21.
c4 Na6 22. Rae1 Nc7 23. Re3 Kg8 24. c5 Be7 25. Rfe1 Bg5 26. Rf3 Re8 27. Re5
Rxe5 28. dxe5 Bc8 29. Bg6 Qxg6 30. Qxc8+ Ne8 31. Kg2 Kh7 32. Qd7 Qe4 33. Qd3
Qxd3 34. Rxd3 Nc7 35. Rd6 Nd5 36. Rxc6 Rd8 37. cxb6 axb6 38. Rd6 1/2-1/2

[Event "XLIII C.to Italiano a squadre Master"]
[Site "Spoleto ITA"]
[Date "2011.04.30"]
[Round "5"]
[White "Xia, Jie"]
[Black "Tassi, Oliviero"]
[Result "1-0"]
[WhiteElo "2224"]
[BlackElo "2320"]
[PlyCount "71"]
[EventDate "2011.04.28"]

1. e4 c5 2. Nf3 e6 3. d4 cxd4 4. Nxd4 Nf6 5. Nc3 d6 6. Qe2 a6 7. Bg5 Qc7 8.
Bxf6 gxf6 9. O-O-O Bd7 10. f4 Nc6 11. Nf3 O-O-O 12. g3 Kb8 13. Bh3 Rc8 14. f5
Qa5 15. Kb1 Ne5 16. Nxe5 fxe5 17. Qf3 d5 18. fxe6 Bxe6 19. Bxe6 fxe6 20. exd5
Bb4 21. Ne2 Qc7 22. c3 Ba5 23. dxe6 Qc4 24. Qd3 Qxe6 25. Qe4 Qe8 26. g4 Rf8 27.
Rhf1 Qb5 28. Rxf8 Rxf8 29. Rd5 Rf1+ 30. Kc2 Qb6 31. Qxe5+ Ka7 32. Rxa5 Qg6+ 33.
Kb3 Re1 34. Qc5+ Kb8 35. Qf8+ Kc7 36. Qf4+ 1-0

[Event "XLIII C.to Italiano a squadre Master"]
[Site "Spoleto ITA"]
[Date "2011.04.30"]
[Round "5"]
[White "Zimina, Olga"]
[Black "Fiore, Mario"]
[Result "1/2-1/2"]
[WhiteElo "2346"]
[BlackElo "2232"]
[PlyCount "147"]
[EventDate "2011.04.28"]

1. e4 e5 2. Nf3 Nc6 3. d4 exd4 4. Nxd4 Nf6 5. Nc3 Bb4 6. Nxc6 bxc6 7. Bd3 d5 8.
exd5 cxd5 9. O-O O-O 10. Bg5 c6 11. Qf3 Bd6 12. Rfe1 Rb8 13. Rab1 h6 14. Bxf6
Qxf6 15. Qxf6 gxf6 16. Ne2 Re8 17. b3 c5 18. Ng3 Rxe1+ 19. Rxe1 Be6 20. Nf5
Bxf5 21. Bxf5 Kf8 22. Bd7 Be5 23. Bc6 Bc3 24. Re2 Rd8 25. Kf1 a5 26. Re3 Be5
27. g3 Rd6 28. Bb5 Re6 29. Bd7 Rd6 30. Bb5 Re6 31. Rd3 d4 32. Rd1 Bc7 33. Re1
Bb6 34. Bc4 Rd6 35. Re4 Bc7 36. Kg2 Rd8 37. Kf3 f5 38. Rh4 Kg7 39. Bd3 f4 40.
gxf4 Rd6 41. Rh5 Rf6 42. Rxc5 Bxf4 43. Kg2 Bd2 44. Rd5 Bc3 45. Bf5 Rb6 46. Bd7
Rg6+ 47. Kf3 Rg1 48. Rb5 Rc1 49. Bf5 Ra1 50. a4 Re1 51. Rb7 Re5 52. Bd3 Rh5 53.
Bc4 Rf5+ 54. Ke2 Re5+ 55. Kf1 Rf5 56. Bd3 Rh5 57. Kg2 Rg5+ 58. Kf3 Rh5 59. Kg3
Rg5+ 60. Kf3 Rh5 61. h4 Rxh4 62. Bc4 Bd2 63. Rxf7+ Kg6 64. Rf8 Kg5 65. Rg8+ Kf6
66. Bd3 Kf7 67. Bc4+ Kf6 68. Kg3 Rh5 69. Rd8 Rg5+ 70. Kf3 Rf5+ 71. Ke4 Rf4+ 72.
Kd3 Bc3 73. Ke2 h5 74. Rh8 1/2-1/2